000
00232nam a22001217a 4500
999
_c
164950
_d
164950
082
_a
_b
100
_a
Saroj
245
_a
Gayazi/
_c
by Saroj.
260
_a
New Delhi:
_b
Vinod,
_c
300
_a
248p.
650
_a
942
_c
BK